Gravity Falls Characters - Statistics

General Stats
  • This quiz has been taken 230 times
  • The average score is 12 of 15
Answer Stats
Hint Answer % Correct
Wears a baseball hat, worried able his manliness, has journal 3 Dipper Pines
99%
Crazy sweat shirts, has a pet pig, loves glitter Mable Pines
98%
Works at Mystery Shack, has question mark shirt, sings blanchin Soos Ramirez
96%
Works at Mystery Shack, has a huge family, always wears a green flannel Wendy Corduroy
95%
The original shack owner, the scientist lost in time for a while Stanford Pines
94%
The triangle man, menace to Gravity Falls, HATES the pines family Bill Cypher
93%
Annoying and tiny, has white hair, wear a powder blue suit, has journal 2 Lil' Gideon Gleedul
90%
The shack owner, commits various crimes, money hungry Stanley Pines
90%
Is the beloved pet of one main character, was won at a fair, is 15 lbs Waddles
88%
Mean girl of Gravity Falls, her family is loaded, nice but also mean Pacifica Northwest
85%
Smart friend if Mabel, boy band crazy, plays the keyboard Candy Chiu
81%
Mabel's other friend, deeper voice, owns a pet iguana Grenda Grendinator
80%
Is the sheriff of the town, loves coffee, dislikes the pines family Sheriff Blubs
65%
Is the deputy of the town, isn't the smartest, also loves the sheriff Deputy Durland
53%
The crazy old man of the town, super smart scientist, lost his mind Old Man McGuket
16%
No matching quizzes found
Score Distribution
Percent of People with Each Score
Percentile by Number Answered
Your Score History
You have not taken this quiz